|
|
|
|
| LEADER |
00000nam a22000007i 4500 |
| 001 |
IT\ICCU\CFI\0157890 |
| 003 |
ItRI |
| 005 |
20260115232314.0 |
| 008 |
910607s1988 it |||||| ||||| |||||c |
| 015 |
|
|
|2 IT
|a 91-3299
|
| 040 |
|
|
|b ita
|c importazione bologna sebina
|
| 041 |
|
7 |
|a ita
|2 ISO-639-2
|
| 082 |
|
|
|a 813.54
|9 NARRATIVA AMERICANA IN LINGUA INGLESE. 1945-
|2 19
|
| 100 |
1 |
|
|a Slonczewski, Joan
|0 IT\ICCU\CFIV\090354
|4 aut
|
| 240 |
1 |
2 |
|a A door into ocean. -
|3 IT\ICCU\CFI\0157912
|9 Slonczewski, Joan
|
| 245 |
1 |
3 |
|a La difesa di Shora /
|c Joan Slonczewski.
|
| 260 |
|
|
|a Milano :
|b Nord,
|c [1988]
|
| 300 |
|
|
|a IV, 457 p. ;
|c 20 cm
|
| 500 |
|
|
|a Trad. di Giampaolo Cossato, Sandro Sandrelli.
|
| 830 |
|
0 |
|a Cosmo ;
|v 188
|0 IT\ICCU\CFI\0000732
|
| 942 |
|
|
|2 ddc
|c BK
|n 0
|
| 952 |
|
|
|0 0
|1 0
|4 0
|6 DOC_813_540000000000000_SLO
|7 0
|9 23900
|a BO
|b BO
|d 2026-01-15
|i 3365
|l 0
|o DOC 813.54 SLO
|p BO3365
|r 2026-01-15 23:23:14
|w 2026-01-15
|x [Sebina 5] [1 v.]
|y BK
|z 1 v.
|
| 999 |
|
|
|c 20357
|d 20357
|